Most Common First Names in the United States - T - Statistics

General Stats
  • This quiz has been taken 1,080 times
    1,035 since last reset
  • The average score is 9 of 20
Answer Stats
Hint Answer % Correct
10 Thomas
88%
154 Tom
88%
170 Tim
86%
27 Timothy
68%
57 Terry
62%
92 Tina
57%
103 Tony
57%
75 Tammy
54%
148 Theodore
53%
72 Theresa
49%
54 Teresa
41%
203 Tara
39%
108 Tracy
36%
110 Tiffany
31%
88 Todd
25%
138 Troy
25%
206 Terri
24%
209 Tonya
24%
119 Travis
24%
122 Thelma
16%
No matching quizzes found
Score Distribution
Percent of People with Each Score
Percentile by Number Answered
Your Score History
You have not taken this quiz since the last reset